[Event "Chess Super League 2021"]
[Site "Online"]
[Date "2021.10.13"]
[Round "3.1"]
[White "Hou, Yifan"]
[Black "Harika, Dronavalli"]
[Result "0-1"]
[WhiteElo "2658"]
[BlackElo "2511"]
[Annotator "TA"]
[PlyCount "182"]
[EventDate "2021.10.11"]
[EventType "team-tourn"]
[EventCountry "NET"]
[SourceTitle "playchess.com"]
[Source "ChessBase"]
[SourceQuality "1"]

{[%evp 9,182,42,50,38,58,36,65,61,62,52,126,66,85,76,83,78,79,72,88,54,68,36,89,72,96,50,70,40,34,9,14,0,4,-44,-51,-53,-54,-49,-49,-51,-54,-72,-48,-59,-48,-50,0,0,0,-25,0,-64,-73,-74,-19,-144,-127,-219,-224,-268,-187,-188,-182,-185,-179,-186,-186,-181,-168,-219,-221,-262,-256,-249,-246,-275,-277,-273,-272,-263,-193,-193,-193,-193,-193,-491,-485,-443,-340,-564,-556,-720,-602,-1222,-1221,-1200,-750,-922,-888,-885,-857,-827,-812,-791,-595,-1934,-1771,-2312,-1985,-5620,-5599,-29973,-1719,-29974,-1663,-1293,-1444,-1517,-1227,-5362,-5181,-5365,-5350,-4822,-4794,-4779,-4745,-4731,-4731,-3673,-3673,-2356,-2121,-1931,-1788,-29969,-29971,-29969,-29971,-29972,-29973,-29973,-29974,-29974,-29975,-29977,-29958,-29951,-1680,-29973,-29970,-29969,-29971,-29955,-45,-53,-53,-29971,-60,-60,-60,-29966,-29967,-29971,-29972,-29972,-29973,-29973,-29973,-29979,-29980,-29980,-29981,-29982,-29983]} 1. e4 e5 2. Nf3 Nc6 3. Bc4 d6 4. c3 f5 5. d3 f4 6. d4 {[#] C50: Hungarian Defence and Giuoco Pianissimo.} Qf6 $146 ({Predecessor:} 6... Bg4 7. dxe5 Nxe5 8. Be2 Nf6 9. Bxf4 Ng6 10. Bg3 Nxe4 11. Qa4+ Qd7 12. Qxe4+ Qe6 13. Qxe6+ Bxe6 {1-0 (40) Ujevic,I (1236)-Knezovic,N (1300) Hvar 2019}) 7. Na3 a6 8. b4 $1 {White is slightly better.} b5 9. Bd3 Nh6 (9... g5 $14) 10. d5 (10. Nc2 $1 $16) 10... Nb8 11. c4 bxc4 12. Nxc4 Be7 13. Bb2 O-O 14. Qb3 Nf7 15. Na5 Kh8 (15... Bd8 $14) 16. Rc1 Bd8 17. h3 Ng5 18. Bb1 Bd7 19. Nb7 Ra7 {[%cal Ba8a7,Ba7b7,Bb7b4][%mdl 32]} 20. Nxd8 {And now Nc6 would win.} Qxd8 21. O-O Rb7 22. a3 a5 $1 23. Nxg5 Qxg5 24. Qf3 axb4 25. axb4 Rxb4 26. Bc3 Rb3 27. Bd3 Bb5 28. Bxb5 Rxb5 29. Bd2 Rb7 30. g3 (30. Rb1 $11 Ra7 31. Ra1 Rxa1 32. Rxa1) 30... Nd7 {[%cal Bb8d7,Bd7f6,Bf6e4][%mdl 32]} 31. Kh1 Qh6 (31... Qe7 $17 32. gxf4 exf4) 32. Kg2 (32. gxf4 $11 {keeps the balance.} Nc5 33. Rb1) 32... Nf6 33. gxf4 (33. Rc4 $17 {was worth a try.}) 33... Qg6+ $19 {[%mdl 64] Double Attack} 34. Kh2 Qxe4 35. Qxe4 Nxe4 36. Ba5 Rxf4 37. Rxc7 Rxc7 38. Bxc7 {[%mdl 4096] Endgame KRB-KRN} Rf7 39. Bb6 (39. f3 $142) 39... h6 40. Kg2 Rb7 41. Be3 Nf6 42. Rd1 Rb5 43. Kf3 Kh7 ({Don't do} 43... Rxd5 44. Rxd5 Nxd5 45. Ba7 $19) ({Don't take} 43... Nxd5 44. Ra1 $19) 44. Rc1 Nxd5 45. Rc6 Nxe3 46. fxe3 {KR-KR} Rd5 47. Ke2 $2 (47. Ke4 {only move.} Rd1 48. Kf5) 47... Kg6 48. Rc7 Kf6 49. Rd7 $2 (49. Rc8) 49... g6 50. Rh7 h5 51. Rd7 e4 52. Rd8 Rd3 53. Rf8+ Kg5 54. Rf4 d5 55. h4+ Kh6 56. Rf6 Ra3 57. Kf2 Ra2+ 58. Kf1 Rh2 59. Rf4 Kg7 60. Ke1 Rg2 (60... Ra2 $142 61. Kd1 Ra6 62. Rf1 Ra1+ 63. Ke2 Rxf1 64. Kxf1 g5 65. Kg1 Kf6 66. hxg5+ Kxg5 67. Kh2 Kg4 68. Kg1 h4 69. Kg2 h3+ 70. Kg1 d4 71. exd4 e3 72. Kf1 h2 73. Ke2 Kf4 74. d5 h1=Q 75. Kd3 Qe4+ 76. Kc3 e2 77. Kb2 e1=Q 78. d6 Qd2+ {[%mdl 64] Double Attack} 79. Kb3 Qeb4#) 61. Rf1 Rg4 (61... Ra2 $142 62. Rf4 Ra6 63. Kd2 Rf6 64. Kc3 Rxf4 65. exf4 Kf6 66. Kd2 Kf5 67. Ke2 d4 68. Kf2 Kxf4 69. Ke2 d3+ 70. Kd2 Kf3 71. Kc3 Ke3 72. Kb3 d2 73. Kc2 Ke2 74. Kb3 d1=Q+ 75. Kc4 Qd7 76. Kb3 Kd3 77. Kb4 Qd5 78. Ka3 Kc3 79. Ka4 e3 80. Ka3 Qb3#) 62. Rh1 Kf6 63. Kf2 Ke5 64. Rh3 d4 65. exd4+ Kxd4 66. Rh1 Rf4+ 67. Ke2 e3 68. Ra1 Rf2+ 69. Ke1 Rh2 {( -> ...Rh1+)} 70. Ra6 Kd3 {[%cal Rh2h1]} 71. Rd6+ Ke4 72. Rxg6 Rxh4 73. Ke2 Rh2+ 74. Ke1 h4 75. Re6+ Kf4 76. Rf6+ Kg4 77. Re6 Kf3 {[%cal Rh2h1]} 78. Rf6+ Kg2 79. Re6 Rh3 80. Rh6 Kf3 {[%cal Rh3h1]} 81. Rf6+ Kg4 $2 (81... Ke4 82. Re6+ Kf4 83. Kf1 Rh2 84. Rf6+ Ke5 85. Rf3 Ke4 86. Rf8 h3 87. Rg8 Rb2 88. Re8+ Kf3 89. Rf8+ Kg4 90. Rg8+ Kf5 91. Rf8+ Kg6 92. Rg8+ Kh7 93. Rg4 h2 94. Rh4+ Kg6 95. Rh3 Rb1+ 96. Ke2 h1=Q 97. Rxh1 Rxh1 98. Kxe3 Rd1 99. Ke4 Kf6 100. Ke3 Kf5 101. Ke2 Rd5 102. Ke3 Rd6 103. Kf2 Re6 104. Kg3 Re3+ 105. Kf2 Kf4 106. Kg2 Re2+ 107. Kf1 Kf3 108. Kg1 Re1+ 109. Kh2 Rd1 110. Kh3 Rh1#) 82. Ke2 $15 Rg3 $1 83. Rg6+ $2 {[%mdl 8192] [#]} (83. Rf8 $15 Kh3 84. Rh8) 83... Kf4 $2 (83... Kh3 $1 {mates} 84. Rh6 Rg4 85. Kxe3 Kg3 86. Rf6 h3 87. Rf3+ Kg2 88. Rf2+ Kg1 89. Re2 h2 90. Kf3 h1=Q+ 91. Kxg4 Kf1 92. Re5 Kf2 93. Rf5+ Ke3 94. Re5+ Kd4 95. Re6 Qd5 96. Rf6 Ke3 97. Rf5 Qg8+ 98. Kh5 Ke4 99. Rf1 Qe8+ 100. Kh6 Qb5 101. Rf6 Ke5 102. Rg6 Qd7 103. Rg5+ Kf4 104. Rg8 Qd6+ 105. Kh7 Qe7+ 106. Kg6 Kg4 107. Rg7 Qe6+ 108. Kh7+ Kf5 109. Rg2 Qd7+ 110. Rg7 Qd4 111. Rf7+ Ke6 112. Kg8 Qd5 113. Rg7 Kf6+ 114. Kh8 Qh1+ 115. Kg8 Qh5 116. Rg1 Qd5+ 117. Kh7 Qe4+ 118. Kh8 Qa8+ 119. Kh7 Qa7+ {[%mdl 64] Double Attack} 120. Kg8 Qxg1+ 121. Kf8 Ke6 122. Ke8 Qg8#) 84. Rf6+ Kg5 85. Rf8 $2 {[%mdl 8192]} (85. Rf7 $15 Kg4 86. Rh7) 85... Kg4 {Black mates.} 86. Re8 {[#]} Kh3 $1 {[%cal Rh3g2]} 87. Rh8 Rg4 88. Kxe3 Kg2 89. Ra8 h3 90. Ra2+ Kg3 91. Ke2 h2 {Weighted Error Value: White=0.41/Black=0.21} 0-1

[Event "Chess Super League 2021"]
[Site "Online"]
[Date "2021.10.13"]
[Round "3.1"]
[White "Karthikeyan, Murali"]
[Black "Koneru, Humpy"]
[Result "1-0"]
[WhiteElo "2630"]
[BlackElo "2586"]
[Annotator "TA"]
[PlyCount "45"]
[EventDate "2021.10.11"]
[EventType "team-tourn"]
[EventCountry "NET"]
[SourceTitle "playchess.com"]
[Source "ChessBase"]
[SourceQuality "1"]

{[%evp 9,45,14,19,14,19,12,13,8,5,3,39,28,37,33,49,51,58,55,66,49,75,82,85,78,83,62,66,74,193,145,162,152,155,166,618,618,617,596]} 1. e4 e5 2. Nf3 Nf6 3. Nxe5 d6 4. Nf3 Nxe4 5. Bd3 Nf6 6. O-O {C42: Petroff Defence: 3 Nxe5 and unusual White 3rd moves.} Be7 7. Re1 O-O 8. Bf1 {[#] The position is equal.} h6 $146 ({Predecessor:} 8... d5 9. d4 Bf5 10. c4 Nc6 11. Nc3 Bg4 12. cxd5 Nb4 13. Bc4 Bxf3 14. gxf3 Re8 {1-0 (31) Fedoseev,V (2696)-Bachmann,A (2599) Krasnaya Polyana 2021}) 9. d4 c6 10. c4 Re8 11. Nc3 Nbd7 12. h3 Nf8 13. Bd3 Be6 14. Bf4 b6 15. d5 cxd5 16. cxd5 Bxd5 17. Bb5 Bxf3 18. Qxf3 N6d7 (18... N8d7 $16) 19. Nd5 Ne6 20. Qg4 $36 {[%mdl 2048] Strongly threatening Rxe6. White has strong initiative.} Bg5 21. Bg3 Nef8 $2 (21... Nf6 22. Nxf6+ Bxf6) 22. Rxe8 $18 {[%mdl 64] [#] Overworked Piece} Qxe8 23. Nc7 {[%mdl 64] Double Attack.  Weighted Error Value: White=0.04/Black=0.61} 1-0

[Event "Chess Super League 2021"]
[Site "Online"]
[Date "2021.10.13"]
[Round "3.1"]
[White "Muzychuk, Anna"]
[Black "Tania, Sachdev"]
[Result "1-0"]
[WhiteElo "2533"]
[BlackElo "2392"]
[Annotator "ChessBase"]
[PlyCount "67"]
[EventDate "2021.10.11"]
[EventType "team-tourn"]
[EventCountry "NET"]
[SourceTitle "playchess.com"]
[Source "ChessBase"]
[SourceQuality "1"]
[TimeControl "900+10"]

1. e4 {[%emt 0:00:11]} e5 {[%emt 0:00:16]} 2. Nf3 {[%emt 0:00:04]} Nc6 {[%emt 0:00:03]} 3. Bc4 {[%emt 0:00:04]} Nf6 {[%emt 0:00:07]} 4. d3 {[%emt 0:00:04]} h6 {[%emt 0:00:03]} 5. Nc3 {[%emt 0:01:36]} d6 {[%emt 0:00:59]} 6. a4 {[%emt 0:00:21]} g6 {[%emt 0:01:53]} 7. h3 {[%emt 0:00:24]} Bg7 {[%emt 0:00:02]} 8. a5 {[%emt 0:00:11]} a6 {[%emt 0:00:14]} 9. Be3 {[%emt 0:01:34]} Qe7 {[%emt 0:00:51]} 10. Qd2 {[%emt 0:00:31]} Be6 {[%emt 0:00:14]} 11. O-O {[%emt 0:00:24]} g5 {[%emt 0:01:22]} 12. Nd5 {[%emt 0:01:31]} Bxd5 {[%emt 0:00:38]} 13. exd5 {[%emt 0:00:17]} Nb8 {[%emt 0:01:30]} 14. Rfe1 {[%emt 0:01:58]} Nbd7 {[%emt 0:03:28]} 15. Qb4 {[%emt 0:00:32]} O-O {[%emt 0:01:27]} 16. Qxb7 {[%emt 0:00:40]} g4 {[%emt 0:01:05]} 17. Nh4 {[%emt 0:02:47]} gxh3 {[%emt 0:01:52]} 18. Qxc7 {[%emt 0:00:08]} Rfc8 {[%emt 0:00:56]} 19. Nf5 {[%emt 0:00:06]} Rxc7 {[%emt 0:00:03]} 20. Nxe7+ {[%emt 0:00:01]} Kf8 {[%emt 0:00:01]} 21. Nf5 {[%emt 0:00:16]} hxg2 {[%emt 0:00:16]} 22. Nxd6 {[%emt 0:00:14]} Rb8 {[%emt 0:00:26]} 23. Reb1 {[%emt 0:00:11]} Ng4 {[%emt 0:00:10]} 24. Kxg2 {[%emt 0:00:10]} Nxe3+ {[%emt 0:00:29]} 25. fxe3 {[%emt 0:00:02]} Bf6 {[%emt 0:00:01]} 26. e4 {[%emt 0:00:48]} Bg5 {[%emt 0:00:02]} 27. c3 {[%emt 0:00:12]} Nf6 {[%emt 0:00:03]} 28. Bxa6 {[%emt 0:00:15]} Ke7 {[%emt 0:00:30]} 29. Nf5+ {[%emt 0:00:06]} Kd7 {[%emt 0:00:02]} 30. Kf3 {[%emt 0:00:26]} Nh5 {[%emt 0:00:04]} 31. Bc4 {[%emt 0:00:12]} f6 {[%emt 0:00:18]} 32. b4 {[%emt 0:00:33]} Nf4 {[%emt 0:00:22]} 33. b5 {[%emt 0:00:43]} h5 {[%emt 0:00:25]} 34. b6 {[%emt 0:00:08]} 1-0

[Event "Chess Super League 2021"]
[Site "Online"]
[Date "2021.10.13"]
[Round "3.1"]
[White "Raja Harshit"]
[Black "Iniyan, P."]
[Result "0-1"]
[WhiteElo "2494"]
[BlackElo "2529"]
[Annotator "ChessBase"]
[PlyCount "128"]
[EventDate "2021.10.11"]
[EventType "team-tourn"]
[EventCountry "NET"]
[SourceTitle "playchess.com"]
[Source "ChessBase"]
[SourceQuality "1"]
[TimeControl "900+10"]

1. e4 {[%emt 0:00:18]} c5 {[%emt 0:00:15]} 2. Nf3 {[%emt 0:00:02]} d6 {[%emt 0:00:06]} 3. d4 {[%emt 0:00:01]} cxd4 {[%emt 0:00:00]} 4. Nxd4 {[%emt 0:00:01]} Nf6 {[%emt 0:00:01]} 5. Nc3 {[%emt 0:00:04]} a6 {[%emt 0:00:01]} 6. Be3 {[%emt 0:00:05]} e5 {[%emt 0:02:21]} 7. Nf3 {[%emt 0:00:03]} Qc7 {[%emt 0:00:05]} 8. Be2 {[%emt 0:00:03]} h6 {[%emt 0:00:13]} 9. O-O {[%emt 0:00:49]} Be7 {[%emt 0:00:11]} 10. a4 {[%emt 0:00:07]} O-O {[%emt 0:00:39]} 11. Nd2 {[%emt 0:00:34]} Be6 {[%emt 0:00:13]} 12. a5 {[%emt 0:00:02]} Nbd7 {[%emt 0:00:29]} 13. Re1 {[%emt 0:00:03]} d5 {[%emt 0:00:26]} 14. exd5 {[%emt 0:00:51]} Nxd5 {[%emt 0:00:03]} 15. Nxd5 {[%emt 0:01:11]} Bxd5 {[%emt 0:00:00]} 16. Nc4 {[%emt 0:01:30]} Qc6 {[%emt 0:02:52]} 17. Bg4 {[%emt 0:01:59]} f5 {[%emt 0:01:35]} 18. Bf3 {[%emt 0:01:10]} e4 {[%emt 0:01:31]} 19. Nb6 {[%emt 0:01:13]} Nxb6 {[%emt 0:00:07]} 20. Bxb6 {[%emt 0:00:00]} Bf6 {[%emt 0:00:15]} 21. c4 {[%emt 0:02:32]} Bxc4 {[%emt 0:00:13]} 22. Be2 {[%emt 0:01:56]} Bxb2 {[%emt 0:00:06]} 23. Qc2 {[%emt 0:00:51]} Bxe2 {[%emt 0:00:12]} 24. Qxb2 {[%emt 0:00:02]} Bh5 {[%emt 0:01:47]} 25. Rac1 {[%emt 0:00:06]} Qg6 {[%emt 0:00:01]} 26. Qe5 {[%emt 0:01:23]} Rae8 {[%emt 0:02:17]} 27. Qf4 {[%emt 0:00:07]} Rf7 {[%emt 0:00:48]} 28. Rc3 {[%emt 0:00:29]} Qf6 {[%emt 0:00:09]} 29. Rg3 {[%emt 0:00:50]} g5 {[%emt 0:00:12]} 30. Qd2 {[%emt 0:00:58]} f4 {[%emt 0:00:41]} 31. Rc3 {[%emt 0:00:04]} f3 {[%emt 0:00:34]} 32. Qd4 {[%emt 0:00:26]} Qe6 {[%emt 0:00:41]} 33. h3 {[%emt 0:00:20]} fxg2 {[%emt 0:00:16]} 34. Rg3 {[%emt 0:00:02]} Rf3 {[%emt 0:00:08]} 35. Re3 {[%emt 0:00:23]} Rxg3 {[%emt 0:00:05]} 36. Rxg3 {[%emt 0:00:02]} Bf3 {[%emt 0:00:04]} 37. Kh2 {[%emt 0:00:20]} Rc8 {[%emt 0:00:11]} 38. Qe3 {[%emt 0:00:09]} Qd5 {[%emt 0:00:35]} 39. Bd4 {[%emt 0:00:07]} Kh7 {[%emt 0:00:35]} 40. h4 {[%emt 0:00:22]} Rd8 {[%emt 0:00:10]} 41. Rxf3 {[%emt 0:00:05]} Qxd4 {[%emt 0:00:17]} 42. Rf7+ {[%emt 0:00:03]} Kg6 {[%emt 0:00:01]} 43. Qxd4 {[%emt 0:00:01]} Rxd4 {[%emt 0:00:01]} 44. Rxb7 {[%emt 0:00:01]} gxh4 {[%emt 0:00:07]} 45. Kxg2 {[%emt 0:00:06]} Rd6 {[%emt 0:00:09]} 46. Kh3 {[%emt 0:00:21]} Rf6 {[%emt 0:00:12]} 47. Kg4 {[%emt 0:00:29]} Rxf2 {[%emt 0:00:10]} 48. Re7 {[%emt 0:00:00]} h5+ {[%emt 0:00:28]} 49. Kxh4 {[%emt 0:00:10]} Rf4+ {[%emt 0:00:01]} 50. Kg3 {[%emt 0:00:03]} Rg4+ {[%emt 0:00:04]} 51. Kf2 {[%emt 0:00:01]} Kf5 {[%emt 0:00:03]} 52. Rh7 {[%emt 0:00:18]} Rg5 {[%emt 0:00:54]} 53. Rh6 {[%emt 0:00:05]} Kf4 {[%emt 0:00:02]} 54. Rxa6 {[%emt 0:00:03]} e3+ {[%emt 0:00:01]} 55. Kf1 {[%emt 0:00:04]} Kg3 {[%emt 0:00:04]} 56. Ke2 {[%emt 0:00:06]} h4 {[%emt 0:00:04]} 57. Ra8 {[%emt 0:00:29]} h3 {[%emt 0:00:02]} 58. a6 {[%emt 0:00:08]} h2 {[%emt 0:00:06]} 59. Rh8 {[%emt 0:00:07]} Ra5 {[%emt 0:00:18]} 60. a7 {[%emt 0:00:22]} Rxa7 {[%emt 0:00:22]} 61. Rg8+ {[%emt 0:00:05]} Kf4 {[%emt 0:00:12]} 62. Rf8+ {[%emt 0:00:03]} Ke5 {[%emt 0:00:06]} 63. Re8+ {[%emt 0:00:07]} Kf6 {[%emt 0:00:23]} 64. Rh8 {[%emt 0:00:01]} Ra1 {[%emt 0:00:04]} 0-1

[Event "Chess Super League 2021"]
[Site "Online"]
[Date "2021.10.13"]
[Round "3.1"]
[White "Priyanka, K."]
[Black "Salonika, Saina"]
[Result "1-0"]
[WhiteElo "2218"]
[BlackElo "2206"]
[Annotator "TA"]
[PlyCount "53"]
[EventDate "2021.10.11"]
[EventType "team-tourn"]
[EventCountry "NET"]
[SourceTitle "playchess.com"]
[Source "ChessBase"]
[SourceQuality "1"]

{[%evp 21,53,18,23,8,45,0,97,101,112,103,139,97,139,106,269,279,288,285,279,271,285,281,1317,1267,29983,29984,29991,1707,1635,1563,1539,1538,2813,2805]} 1. e4 c5 2. Nf3 d6 3. d4 cxd4 4. Nxd4 Nf6 5. Nc3 g6 6. Be3 Bg7 7. f3 O-O 8. Qd2 Nc6 9. O-O-O d5 10. Nxc6 bxc6 11. Bc4 {11.Bh6 is a critical line.} e6 12. Bb3 {[#] B76: Sicilian Dragon: Yugoslav Attack, 9 g4 and 9 0-0-0.} Qe7 $146 ({Predecessor:} 12... Bb7 13. Na4 dxe4 14. Qxd8 Raxd8 15. Nc5 Ra8 16. Na4 Rad8 17. Nc5 Bc8 18. Nxe4 Nxe4 19. fxe4 a6 {0-1 (56) Jacobson,B (2472)-Kaliksteyn,A (2381) Charlotte 2019}) 13. Na4 Nd7 (13... Qc7 $11 {remains equal.}) 14. h4 $16 {White is better.} Re8 15. h5 Bb7 16. Qf2 Qf6 17. f4 e5 $2 (17... c5 $16 {might work better.}) 18. hxg6 $18 (18. exd5 cxd5 19. fxe5 (19. Bxd5 Bxd5 20. Rxd5 exf4 $15) 19... Nxe5 $14) 18... hxg6 {[#]} 19. f5 $1 ({Not} 19. exd5 cxd5 20. fxe5 (20. Bxd5 Bxd5 21. Rxd5 exf4 $11) 20... Qxf2 $14) 19... gxf5 20. exf5 d4 {[#]} 21. Qg3 {Threatens to win with Bg5.} Kf8 $2 (21... dxe3 22. Rxd7 {[%mdl 64] Double Attack} Re7 23. Rxe7 Qxe7 24. Qxe3 Rd8) 22. Bg5 Qd6 23. Rh7 Nf6 {[#]} 24. Bxf6 (24. Rxg7 $142 $1 {[%mdl 512]} Re7 25. Bxf6 Ke8 26. Bxe7 Qh6+ 27. Kb1 Bc8 28. Bxf7+ Kd7 29. Qxe5) 24... Qxf6 {White is clearly winning.} 25. Nc5 {Hoping for Nd7+.} Bc8 26. Ne4 Bh6+ 27. Kb1 {White took control after the opening.  Weighted Error Value: White=0.10/Black=0.77} 1-0

[Event "Chess Super League 2021"]
[Site "Online"]
[Date "2021.10.13"]
[Round "3.2"]
[White "Giri, Anish"]
[Black "Nakamura, Hikaru"]
[Result "1/2-1/2"]
[WhiteElo "2774"]
[BlackElo "2736"]
[Annotator "TA"]
[PlyCount "90"]
[EventDate "2021.10.11"]
[EventType "team-tourn"]
[EventCountry "NET"]
[SourceTitle "playchess.com"]
[Source "ChessBase"]
[SourceQuality "1"]

{[%evp 18,90,0,-1,3,2,2,0,12,25,73,68,67,59,82,111,95,93,169,177,214,216,215,203,210,208,208,209,217,211,216,207,212,198,188,149,158,154,254,251,233,236,253,90,112,40,118,43,43,43,43,43,43,0,0,0,0,0,0,0,0,0,0,0,0,0,0,0,0,0,0,0,0,0,0]} 1. e4 e5 2. Nf3 Nc6 3. Bb5 Nf6 4. O-O Nxe4 5. d4 Nd6 6. Bxc6 dxc6 7. dxe5 Nf5 8. Qxd8+ Kxd8 9. h3 Bd7 10. Nc3 Kc8 {C67: Ruy Lopez: Berlin Defence: 4 0-0 Nxe4.} 11. g4 Ne7 12. Ng5 Be8 13. f4 {[#]} f5 $146 ({Predecessor:} 13... h5 14. Kg2 c5 15. Be3 Nc6 16. Rad1 b6 17. e6 f6 18. Nge4 f5 19. gxf5 Ne7 {1-0 (45) Vachier Lagrave,M (2634)-Nisipeanu,L (2668) Germany 2008}) 14. exf6 $1 gxf6 15. Ne6 h5 16. f5 hxg4 17. hxg4 $40 {[%mdl 128] Strongly threatening Bf4. White is out for blood.} Rg8 (17... Nd5 $16 {was called for.}) 18. Kf2 $1 $18 Bf7 19. Nxf8 Rxf8 20. Rh1 Nd5 21. Rh7 {Threatens to win with Bh6.} Bg8 {[#]} 22. Rg7 Nxc3 23. bxc3 b6 24. Bf4 Kb7 25. Rxc7+ Ka6 26. Re1 ({Don't take} 26. Rxc6 Rac8 $16) 26... Bd5 27. Ree7 Rh8 (27... Rfe8 $16) 28. c4 $1 {[%cal Rc4d5][%mdl 64] Deflection} Bxc4 29. Rxc6 {[%mdl 64] Double Attack} Bxa2 30. Rc3 $2 (30. Rxf6 $18 {has better winning chances. aiming for g5.} Rac8 31. Rd6) 30... Kb5 $16 {[#]} 31. Ra3 ({White should try} 31. Be3 $1 $16) 31... Bd5 (31... Bc4 $1 $14) 32. Raxa7 ({But not} 32. Rexa7 $6 Rxa7 33. Rxa7 Rg8 $14) (32. Rd3 $16 Bg8 33. Rd6) 32... Rxa7 $14 33. Rxa7 $16 {[%mdl 4096] Endgame KRB-KRB} Rg8 34. Kg3 {And now Bc1 would win.} Be4 35. Rd7 {Black must now prevent Rd6.} Ka6 {The position is equal.} 36. Rd6 Bxf5 $1 37. Rxf6 Bxg4 38. Be3 Be6+ 39. Kf4 Re8 40. Bxb6 Kxb6 $11 {KRB-KR} 41. Ke5 Kc5 42. Rxe6 Rxe6+ 43. Kxe6 Kc4 44. Ke5 Kc3 45. Ke6 Kxc2 {Blacks defense is rewarded with a draw.  Weighted Error Value: White=0.14/Black=0.12} 1/2-1/2

[Event "Chess Super League 2021"]
[Site "Online"]
[Date "2021.10.13"]
[Round "3.2"]
[White "Gukesh D"]
[Black "Aryan Chopra"]
[Result "1/2-1/2"]
[WhiteElo "2640"]
[BlackElo "2585"]
[Annotator "TA"]
[PlyCount "219"]
[EventDate "2021.10.11"]
[EventType "team-tourn"]
[EventCountry "NET"]
[SourceTitle "playchess.com"]
[Source "ChessBase"]
[SourceQuality "1"]

{[%evp 24,219,20,21,47,56,60,-74,12,7,17,6,11,-23,2,0,0,-8,0,-16,-22,-54,-53,-33,-30,-20,-21,-17,-19,-17,-24,-19,-18,-18,-19,-17,0,0,0,0,0,0,0,0,0,0,0,0,0,-55,-55,-51,-49,-97,-100,-345,-15,-128,-110,-133,-43,-80,-81,-81,-81,-80,-80,-80,-80,-89,-77,-74,-54,-54,-56,-56,-56,-63,-63,-63,-63,-63,-63,-63,-63,-63,-63,-63,-63,-63,-63,-64,-64,-128,-64,-63,-64,-71,-71,-71,-71,-71,-71,-71,-64,-71,-64,-64,-64,-71,-54,-54,-9,-9,-9,-9,-9,-9,-9,-9,-9,-9,-9,-9,-9,-9,-8,-8,-7,-7,-7,-7,-7,-16,-7,-9,-9,-19,-9,-9,-8,-9,0,-16,-16,-16,-16,-18,-19,-20,-20,-40,-14,-40,-16,-16,-14,-16,-16,-27,-9,-32,-8,-16,-16,-80,-80,-80,-80,-29982,-80,-80,0,0,0,0,0,0,0,0,0,0,0,0,0,0,0,0,0,0,0,0,0,0,0,0,0,-8]} 1. d4 Nf6 2. c4 g6 3. Nc3 Bg7 4. e4 d6 5. Nf3 O-O 6. Be2 e5 7. O-O Na6 8. Re1 c6 9. Bf1 exd4 10. Nxd4 Ng4 11. h3 Qb6 12. hxg4 Qxd4 13. Qe2 Nc5 {E94: King's Indian: Classical: 6 Be2 e5 7 0-0: Various Black 7th moves.} 14. Bf4 Qf6 15. Be3 (15. Qe3 $1 $14 {keeps the upper hand.}) 15... Qe5 (15... Qh4 $1 $17) 16. f3 $11 {[#]} h5 $146 ({Predecessor:} 16... Qe7 17. Bf2 b6 18. Qd2 Bb7 19. Rad1 Rad8 20. b4 Ne6 21. b5 Qf6 22. Rc1 Qg5 23. Be3 Qh4 24. bxc6 Bxc6 {½-½ (80) Morley,P (2368)-Zoll,D (2248) ICCF email 2017}) 17. f4 Qe6 18. e5 Qxg4 19. Qd2 Bf5 20. Be2 Qh4 21. Bf2 Qd8 22. exd6 Bxc3 23. Qxc3 Ne4 {[%mdl 64] Double Attack} ({Much worse is} 23... Qxd6 24. Rad1 $14) 24. Qd4 Qxd6 25. Qxd6 Nxd6 26. Bc5 Rfd8 27. Rad1 Ne4 28. Rxd8+ $1 Rxd8 29. Bxa7 Ra8 30. Bd4 c5 31. Be5 f6 32. Bc7 Rc8 33. Ba5 Ra8 34. Bc7 Rc8 35. Ba5 Ra8 36. b4 (36. Bc7 $11) 36... cxb4 $15 37. Bxb4 Rxa2 38. Bf3 {[#]} Ra4 $1 39. Rb1 {[#]} (39. Be7 $17 Rxc4 40. Rb1) 39... g5 $2 (39... Nc5 $1 $19 {[%mdl 512] Strongly threatening ...Na6.} 40. Bxc5 Bxb1) 40. Bd1 (40. fxg5 $1 $11 {remains equal.} Nxg5 41. Bd5+ Kg7 42. Rb2) 40... Ra6 $1 $17 41. fxg5 {[#]} fxg5 ({Better is} 41... Nc5 $1 $17 {[%mdl 512]} 42. Bxc5 (42. gxf6 Bxb1) 42... Bxb1 43. gxf6 Rxf6) 42. Be1 {[#]} Nc3 $1 {[%mdl 64] Discovered Attack} 43. Rc1 Nxd1 44. Rxd1 {[%mdl 4096] Endgame KRB-KRB} Be4 45. Rd4 Bc6 46. Bd2 Ra2 47. g3 Kf7 48. Bxg5 Rg2+ 49. Kf1 Rxg3 50. Bh4 Rf3+ 51. Ke2 Ke6 52. Bf2 Ra3 53. Be3 Ra2+ 54. Bd2 Kf5 55. Rf4+ Ke5 56. Rh4 Be8 57. Rh3 Bf7 58. Ke1 ({White should play} 58. Rh4 $15) 58... Ra1+ (58... Kd4 $1 $17 59. Rb3 Ra7 60. Be3+ Kxc4 61. Bxa7 Kxb3) 59. Kf2 $1 $15 {Bc3+ is the strong threat.} Rb1 60. Bc3+ Kd6 61. Bd4 Rb4 62. c5+ Kd5 63. Be3 Re4 64. Rg3 Kc4 65. Rg7 Bd5 66. Rg5 h4 67. Rh5 Be6 68. c6 $1 {[%cal Rc6b7]} bxc6 {Black wants to play ...Kd3.} 69. Rc5+ $1 Kd3 70. Rxc6 h3 {aiming for ...h2.} 71. Rd6+ Kc4 72. Rc6+ $1 Kb4 73. Rb6+ Ka5 74. Rb1 Rg4 {Threatens to win with ...Rg2+.} 75. Rg1 Rc4 76. Ra1+ Kb5 77. Rb1+ Ka4 78. Rc1 Rb4 79. Ra1+ Kb5 80. Kg3 Rb3 81. Re1 Kc4 82. Kf4 Rb2 83. Bg1 Kd5 84. Rd1+ Kc6 85. Re1 Kd7 86. Rd1+ Ke7 87. Bd4 Rc2 88. Rh1 Rc4 89. Ke3 Ra4 90. Rh2 Kd6 91. Bc3 Bf5 92. Kf3 Ke6 93. Re2+ Kf7 {And now ...Bg4+ would win.} 94. Kg3 (94. Rd2 $11 {keeps the balance.}) 94... Ra3 $17 95. Re3 Ra2 $1 {[%cal Ra2g2]} 96. Rf3 $2 {[%mdl 8192]} (96. Re1 $17) 96... Kg6 $2 (96... Rg2+ {mates} 97. Kh4 h2 $1 98. Rxf5+ Kg6 99. Rf6+ Kh7 100. Rf7+ Kg8 101. Rf1 Rg1 102. Rxg1+ hxg1=Q 103. Be5 Qg6 104. Bg3 Kf7 105. Kh3 Kf6 106. Kg2 Qd3 107. Bc7 Kf5 108. Ba5 Kf4 109. Be1 Qg6+ 110. Kf2 Qc2+ 111. Kf1 Kf3 112. Bh4 Qe2+ 113. Kg1 Qg2#) 97. Rf2 {[#]} Ra3 ({Black should try} 97... h2 $1 $17 {[%cal Rh2h1]} 98. Rxh2 Ra3) 98. Rf3 $11 {The position is equal.} Rb3 99. Kh2 Rb1 100. Bd4 Rd1 101. Rg3+ Kh5 102. Be3 Bg4 103. Rg1 Rd3 104. Re1 Rc3 105. Bf2 Kg5 106. Re5+ Kf4 {( -> ...Rc2!)} 107. Rc5 Ra3 108. Rc2 Bf5 109. Rd2 Ra1 110. Bg1 {Weighted Error Value: White=0.25/Black=0.22} 1/2-1/2